[Event "Tenerife-chT Tercera"]
[Site "Tenerife"]
[Date "2023.03.04"]
[Round "6.1"]
[White "Gonzalez Garcia, Zoilo"]
[Black "Mesa Cruz, Ricardo"]
[Result "1/2-1/2"]
[WhiteElo "2106"]
[BlackElo "1255"]
[PlyCount "38"]
[EventDate "2023.01.14"]
[EventType "team-tourn"]
[EventRounds "15"]
[EventCountry "ESP"]
[SourceTitle "EXT 2024"]
[Source "ChessBase"]
[SourceDate "2023.10.10"]
[SourceVersion "1"]
[SourceVersionDate "2023.10.10"]
[SourceQuality "1"]
[WhiteTeam "Los Laureles"]
[BlackTeam "Caissa Enroque III"]
[WhiteTeamCountry "ESP"]
[BlackTeamCountry "ESP"]

1. e4 c6 2. Nc3 d5 3. Nf3 Bg4 4. h3 Bxf3 5. Qxf3 e6 6. d3 Nf6 7. Bd2 d4 8. Ne2 c5 9. e5 Nd5 10. c4 dxc3 11. bxc3 Nc6 12. d4 Be7 13. Rb1 Rb8 14. Qe4 0-0 15. Ng3 cxd4 16. Bd3 g6 17. 0-0 Nxc3 18. Bxc3 dxc3 19. Rb3 Qa5 1/2-1/2

[Event "Tenerife-chT Preferente"]
[Site "Tenerife"]
[Date "2022.03.12"]
[Round "6.1"]
[White "Gonzalez Garcia, Zoilo"]
[Black "Berjon Garcia, Sergio"]
[Result "0-1"]
[WhiteElo "2091"]
[BlackElo "2077"]
[PlyCount "92"]
[EventDate "2022.01.29"]
[EventType "team-tourn"]
[EventRounds "14"]
[EventCountry "ESP"]
[SourceTitle "EXT 2024"]
[Source "ChessBase"]
[SourceDate "2023.10.10"]
[SourceVersion "1"]
[SourceVersionDate "2023.10.10"]
[SourceQuality "1"]
[WhiteTeam "El Sauzal"]
[BlackTeam "Rey Ahogado"]
[WhiteTeamCountry "ESP"]
[BlackTeamCountry "ESP"]

1. e4 Nf6 2. e5 Nd5 3. d4 d6 4. c4 Nb6 5. exd6 cxd6 6. Nc3 g6 7. Be3 Bg7 8. Rc1 0-0 9. Be2 e5 10. dxe5 dxe5 11. Qxd8 Rxd8 12. c5 Nd5 13. Nxd5 Rxd5 14. Bc4 Rd8 15. Ne2 Nc6 16. Nc3 Bf5 17. 0-0 Bd3 18. Bxd3 Rxd3 19. Rfd1 Rad8 20. Kf1 f5 21. Rxd3 Rxd3 22. Ke2 Rd7 23. Rd1 Rxd1 24. Nxd1 e4 25. f3 exf3+ 26. Kxf3 Kf7 27. Bd2 Ke6 28. b4 a5 29. bxa5 Kd5 30. Ne3+ Kxc5 31. h3 Bh6 32. a4 Ne5+ 33. Ke2 Bxe3 34. Bxe3+ Kb4 35. Bf4 Nc6 36. g4 Kxa5 37. gxf5 Nd4+ 38. Kd3 Nxf5 39. Kc4 Kxa4 40. Bd2 b5+ 41. Kc5 h5 42. Be1 Ne3 43. Bf2 Ng2 44. h4 b4 45. Kc4 b3 46. Kc3 Ka3 0-1

[Event "Tenerife-chT Preferente"]
[Site "Tenerife"]
[Date "2022.02.05"]
[Round "2.1"]
[White "Gonzalez Garcia, Zoilo"]
[Black "Villagran Carrasco, Juan Carlos"]
[Result "1-0"]
[WhiteElo "2091"]
[BlackElo "2081"]
[PlyCount "87"]
[EventDate "2022.01.29"]
[EventType "team-tourn"]
[EventRounds "14"]
[EventCountry "ESP"]
[SourceTitle "EXT 2024"]
[Source "ChessBase"]
[SourceDate "2023.10.10"]
[SourceVersion "1"]
[SourceVersionDate "2023.10.10"]
[SourceQuality "1"]
[WhiteTeam "El Sauzal"]
[BlackTeam "Canarias 64"]
[WhiteTeamCountry "ESP"]
[BlackTeamCountry "ESP"]

1. e4 e6 2. d3 b6 3. Nf3 d5 4. exd5 exd5 5. d4 Bd6 6. Bd3 Qe7+ 7. Be3 Nf6 8. 0-0 0-0 9. Bg5 Bg4 10. Nbd2 Qd8 11. c3 h6 12. Bh4 c5 13. Qb1 Nbd7 14. h3 Be6 15. dxc5 bxc5 16. c4 Qb6 17. Bxf6 Nxf6 18. cxd5 Bxd5 19. Nc4 Qc6 20. Nxd6 Bxf3 21. Nf5 Rfe8 22. gxf3 Qxf3 23. Ng3 Rad8 24. Rd1 Qf4 25. Bb5 Rxd1+ 26. Qxd1 Rb8 27. Qe2 h5 28. Re1 h4 29. Nf1 Qg5+ 30. Kh2 Qf4+ 31. Kg1 Qg5+ 32. Kh1 Qd5+ 33. f3 Qxa2 34. Bc4 Qxb2 35. Qxb2 Rxb2 36. Re7 a5 37. Rxf7 Kh7 38. Ra7 Rb4 39. Bd3+ Kh6 40. Rxa5 c4 41. Bc2 Nh5 42. Ne3 Ng3+ 43. Kg2 Ne2 44. Ng4# 1-0

[Event "Tenerife-chT Preferente 1819"]
[Site "Tenerife"]
[Date "2019.04.27"]
[Round "14.2"]
[White "Gonzalez Garcia, Zoilo"]
[Black "Abreu Suarez, Isauro"]
[Result "1/2-1/2"]
[WhiteElo "2086"]
[BlackElo "2001"]
[PlyCount "38"]
[EventDate "2018.11.24"]
[EventType "team-tourn"]
[EventRounds "14"]
[EventCountry "ESP"]
[SourceTitle "EXT 2021"]
[Source "ChessBase"]
[SourceDate "2020.10.23"]
[SourceVersion "1"]
[SourceVersionDate "2020.10.23"]
[SourceQuality "1"]
[WhiteTeam "El Sauzal Libreria Barco"]
[BlackTeam "Canarias 64"]
[WhiteTeamCountry "ESP"]
[BlackTeamCountry "ESP"]

1. e4 Nc6 2. d4 d5 3. e5 Bf5 4. Nf3 e6 5. Be2 Nb4 6. Na3 c5 7. dxc5 Bxc5 8. Bb5+ Nc6 9. 0-0 Nge7 10. c3 0-0 11. Nc2 Bg4 12. b4 Bxf3 13. gxf3 Bb6 14. f4 Rc8 15. Be3 Nf5 16. Rc1 f6 17. Bxc6 Rxc6 18. Bxb6 Qxb6 19. Qd3 Rc4 1/2-1/2

[Event "Santa Cruz de Tenerife Primavera op"]
[Site "Santa Cruz de Tenerife"]
[Date "2019.03.27"]
[Round "8"]
[White "Gonzalez Garcia, Zoilo"]
[Black "Diaz Reyes, Killian"]
[Result "1-0"]
[WhiteElo "2070"]
[BlackElo "1708"]
[PlyCount "113"]
[EventDate "2019.03.11"]
[EventType "swiss"]
[EventRounds "9"]
[EventCountry "ESP"]
[SourceTitle "CBM 190 Extra"]
[Source "ChessBase"]
[SourceDate "2019.07.15"]
[SourceVersion "1"]
[SourceVersionDate "2019.07.15"]
[SourceQuality "1"]

1. e4 d5 2. exd5 Qxd5 3. Nc3 Qa5 4. Bc4 Nf6 5. d3 Bg4 6. f3 Bd7 7. Bd2 Qb6 8. Qe2 e6 9. f4 Be7 10. Nf3 c5 11. f5 0-0 12. fxe6 Bxe6 13. Bxe6 Qxe6 14. Qxe6 fxe6 15. 0-0-0 Nfd7 16. Rde1 Kf7 17. Rhf1 Kg8 18. Rxe6 Nc6 19. Rfe1 Bf6 20. Nd5 Nde5 21. Nxe5 Bxe5 22. R6xe5 Nxe5 23. Rxe5 Rf2 24. Ne3 b6 25. Be1 Rff8 26. Kd2 Rae8 27. Rxe8 Rxe8 28. Bf2 Kf7 29. a4 Ke6 30. a5 b5 31. Kc3 h5 32. b4 Rc8 33. bxc5 Rxc5+ 34. Kb4 Re5 35. d4 Re4 36. Kc5 Rf4 37. Bg1 a6 38. c3 Kd7 39. Kd5 h4 40. h3 Rf6 41. Ke5 Re6+ 42. Kf5 Rc6 43. Nd5 Kd6 44. Ke4 Rc4 45. Bh2+ Ke6 46. Nc7+ Kd7 47. Nxa6 Rxc3 48. Nc5+ Kc6 49. a6 Ra3 50. Be5 g6 51. Nd3 Kb6 52. Nb4 Rb3 53. Bd6 Rb2 54. Bc5+ Kc7 55. Nd5+ Kc6 56. a7 Ra2 57. Nb4+ 1-0

[Event "Santa Cruz de Tenerife Primavera op"]
[Site "Santa Cruz de Tenerife"]
[Date "2019.03.22"]
[Round "6"]
[White "Gonzalez Garcia, Zoilo"]
[Black "Fernandez Garcia, Jose Luis"]
[Result "0-1"]
[WhiteElo "2070"]
[BlackElo "2422"]
[PlyCount "92"]
[EventDate "2019.03.11"]
[EventType "swiss"]
[EventRounds "9"]
[EventCountry "ESP"]
[SourceTitle "CBM 190 Extra"]
[Source "ChessBase"]
[SourceDate "2019.07.15"]
[SourceVersion "1"]
[SourceVersionDate "2019.07.15"]
[SourceQuality "1"]

1. e4 e5 2. Bc4 Nf6 3. d3 c6 4. Nf3 d5 5. Bb3 a5 6. a4 Bb4+ 7. Bd2 Bxd2+ 8. Qxd2 0-0 9. Nc3 Re8 10. h3 Na6 11. 0-0 Nc5 12. Ba2 dxe4 13. Nxe4 Nfxe4 14. dxe4 Qxd2 15. Nxd2 Be6 16. Bxe6 Rxe6 17. f3 Rd6 18. Nc4 Rd4 19. b3 f6 20. Rfd1 Kf8 21. Kf2 Ke7 22. Ke3 Rad8 23. Ke2 Ne6 24. Nxa5 Nf4+ 25. Ke1 Nxg2+ 26. Ke2 Nf4+ 27. Ke1 R8d7 28. Rxd4 exd4 29. Kd2 Nxh3 30. b4 Ng5 31. Ke2 Ne6 32. Nb3 d3+ 33. Ke3 dxc2 34. Rc1 g5 35. Rxc2 h5 36. a5 Rd1 37. a6 Rb1 38. Na5 bxa6 39. Nxc6+ Kd6 40. e5+ fxe5 41. Ke4 h4 42. Kf5 Nd4+ 43. Nxd4 exd4 44. Kxg5 Rxb4 45. f4 d3 46. Rd2 Rd4 0-1

[Event "Tenerife-chT Preferente 1819"]
[Site "Tenerife"]
[Date "2019.01.19"]
[Round "5.1"]
[White "Hernandez Leon, Alberto"]
[Black "Gonzalez Garcia, Zoilo"]
[Result "1-0"]
[WhiteElo "2239"]
[BlackElo "2086"]
[PlyCount "73"]
[EventDate "2018.11.24"]
[EventType "team-tourn"]
[EventRounds "14"]
[EventCountry "ESP"]
[SourceTitle "CBM 189 Extra"]
[Source "ChessBase"]
[SourceDate "2019.06.03"]
[SourceVersion "1"]
[SourceVersionDate "2019.06.03"]
[SourceQuality "1"]
[WhiteTeam "Ebano Barrio Nuevo"]
[BlackTeam "El Sauzal Libreria Barco"]
[WhiteTeamCountry "ESP"]
[BlackTeamCountry "ESP"]

1. Nf3 Nf6 2. g3 e6 3. Bg2 d5 4. 0-0 Be7 5. d3 0-0 6. Nbd2 c5 7. e4 dxe4 8. dxe4 Nc6 9. c3 Qc7 10. Qc2 e5 11. Nc4 h6 12. Ne3 Be6 13. Nh4 Rfe8 14. Nd5 Qd7 15. Rd1 Qc8 16. Be3 Ng4 17. Nf5 Nxe3 18. Nfxe3 Bf8 19. a4 b6 20. Bf1 Qb7 21. Qe2 Red8 22. Qa6 Rab8 23. Qxb7 Rxb7 24. Bb5 Na5 25. Nf6+ gxf6 26. Rxd8 Bb3 27. Nf5 Rc7 28. Nxh6+ Kg7 29. Nf5+ Kg8 30. Nd6 a6 31. Ne8 Ra7 32. Nxf6+ Kg7 33. Nh5+ Kg6 34. Rxf8 axb5 35. g4 Nc4 36. Rg8+ Kh6 37. Nf6 1-0

[Event "Tenerife-chT Preferente 1819"]
[Site "Tenerife"]
[Date "2018.12.15"]
[Round "3.1"]
[White "Kurajica, Bojan"]
[Black "Gonzalez Garcia, Zoilo"]
[Result "1-0"]
[WhiteElo "2529"]
[BlackElo "2086"]
[PlyCount "61"]
[EventDate "2018.11.24"]
[EventType "team-tourn"]
[EventRounds "14"]
[EventCountry "ESP"]
[SourceTitle "CBM 189 Extra"]
[Source "ChessBase"]
[SourceDate "2019.06.03"]
[SourceVersion "1"]
[SourceVersionDate "2019.06.03"]
[SourceQuality "1"]
[WhiteTeam "Al Shah Mat Los Realejos"]
[BlackTeam "El Sauzal Libreria Barco"]
[WhiteTeamCountry "ESP"]
[BlackTeamCountry "ESP"]

1. Nf3 Nf6 2. c4 e6 3. g3 d5 4. Bg2 Be7 5. d4 0-0 6. Nbd2 b6 7. cxd5 exd5 8. 0-0 Bb7 9. b3 Nbd7 10. Bb2 Re8 11. Ne5 c5 12. Ndf3 Bd6 13. Nxd7 Nxd7 14. Nh4 Nf6 15. dxc5 Bxc5 16. e3 Ba6 17. Re1 Bb4 18. Qd4 Bxe1 19. Rxe1 Bb7 20. g4 Re6 21. Nf5 Qf8 22. g5 Ne8 23. Rc1 Rc8 24. Rxc8 Bxc8 25. Bxd5 Rg6 26. Nh6+ Rxh6 27. gxh6 Qd6 28. Qe4 Qd8 29. h4 Nd6 30. Qg2 g6 31. Qg3 1-0

[Event "Santa Cruz de Tenerife op 28th"]
[Site "Santa Cruz de Tenerife"]
[Date "2017.12.27"]
[Round "8"]
[White "Lopez Pereyra, Antonio"]
[Black "Gonzalez Garcia, Zoilo"]
[Result "0-1"]
[WhiteElo "2081"]
[BlackElo "2076"]
[PlyCount "62"]
[EventDate "2017.12.15"]
[EventType "swiss"]
[EventRounds "9"]
[EventCountry "ESP"]
[SourceTitle "CBM 182 Extra"]
[Source "ChessBase"]
[SourceDate "2018.02.23"]
[SourceVersion "1"]
[SourceVersionDate "2018.02.23"]
[SourceQuality "1"]

1. e4 c6 2. d4 d5 3. e5 c5 4. c3 Nc6 5. Ne2 cxd4 6. cxd4 Bf5 7. Nbc3 e6 8. Ng3 Bg6 9. Be3 Rc8 10. Be2 Nge7 11. 0-0 h5 12. Bg5 Qb6 13. Bb5 a6 14. Bxe7 Bxe7 15. Bxc6+ Rxc6 16. Qd2 0-0 17. Nge2 Rfc8 18. Kh1 Rc4 19. b3 R4c6 20. Qe3 Qa5 21. Nd1 Rc2 22. Nf4 Bg5 23. Qg3 Bxf4 24. Qxf4 Rxa2 25. Rc1 Rxc1 26. Qxc1 Rc2 27. Qg5 Qd2 28. Ne3 Rc1 29. Qd8+ Kh7 30. Kg1 Bd3 31. Qh4 Qxe3 0-1

[Event "Santa Cruz de Tenerife op 28th"]
[Site "Santa Cruz de Tenerife"]
[Date "2017.12.26"]
[Round "7"]
[White "Gonzalez Garcia, Zoilo"]
[Black "Martinez Morina, Manel"]
[Result "1-0"]
[WhiteElo "2076"]
[BlackElo "1697"]
[PlyCount "115"]
[EventDate "2017.12.15"]
[EventType "swiss"]
[EventRounds "9"]
[EventCountry "ESP"]
[SourceTitle "CBM 182 Extra"]
[Source "ChessBase"]
[SourceDate "2018.02.23"]
[SourceVersion "1"]
[SourceVersionDate "2018.02.23"]
[SourceQuality "1"]

1. e4 c5 2. Nf3 g6 3. c3 Bg7 4. h3 Nc6 5. Bc4 Na5 6. Be2 a6 7. 0-0 d5 8. exd5 Qxd5 9. d4 cxd4 10. cxd4 Nf6 11. Nc3 Qd8 12. Bg5 0-0 13. Qd2 b5 14. b3 Nb7 15. Ne5 Nd6 16. Bf3 Bb7 17. Bxb7 Nxb7 18. Rfe1 Qd6 19. Bxf6 exf6 20. Ne4 Qd5 21. Ng4 Qd8 22. Nc3 Rc8 23. Rac1 Re8 24. Rxe8+ Qxe8 25. Nd5 Rxc1+ 26. Qxc1 Qe6 27. Qe3 f5 28. Ngf6+ Bxf6 29. Qxe6 fxe6 30. Nxf6+ Kh8 31. Ne8 Kg8 32. Nc7 Nd8 33. Kf1 Kf7 34. Nxa6 Nc6 35. Ke2 Nxd4+ 36. Kd3 e5 37. f4 Ke6 38. Nc7+ Kd6 39. Ne8+ Ke6 40. Nc7+ Kd6 41. fxe5+ Kxe5 42. h4 h6 43. a4 bxa4 44. bxa4 g5 45. hxg5 hxg5 46. a5 Nc6 47. a6 Kd6 48. Nb5+ Ke5 49. Ke3 f4+ 50. Kf3 Kf5 51. a7 g4+ 52. Kf2 Nxa7 53. Nxa7 Ke4 54. Nb5 g3+ 55. Ke2 f3+ 56. gxf3+ Kf4 57. Nd4 g2 58. Kf2 1-0

[Event "Santa Cruz de Tenerife Autumn op"]
[Site "Santa Cruz de Tenerife"]
[Date "2017.10.09"]
[Round "1"]
[White "Mamani Beltran, Deniman"]
[Black "Gonzalez Garcia, Zoilo"]
[Result "0-1"]
[WhiteElo "1434"]
[BlackElo "2086"]
[PlyCount "59"]
[EventDate "2017.10.09"]
[EventType "swiss"]
[EventRounds "9"]
[EventCountry "ESP"]
[SourceTitle "CBM 181 Extra"]
[Source "ChessBase"]
[SourceDate "2017.12.12"]
[SourceVersion "1"]
[SourceVersionDate "2017.12.12"]
[SourceQuality "1"]

1. e4 c6 2. d4 d5 3. Nc3 dxe4 4. Nxe4 Nd7 5. Bc4 Ngf6 6. Ng5 e6 7. Qe2 Nb6 8. c3 Nxc4 9. Qxc4 Bd6 10. Ne2 Qc7 11. Nf3 0-0 12. 0-0 b6 13. Bg5 a5 14. Ng3 Ba6 15. Qb3 Bxf1 16. Rxf1 Ng4 17. Re1 h6 18. Bd2 Rad8 19. Nf1 c5 20. h3 Nf6 21. Be3 Nd5 22. Bd2 Nf4 23. g3 Nd3 24. Re3 c4 25. Qc2 f5 26. Rxe6 f4 27. g4 Rde8 28. Rxe8 Rxe8 29. b3 b5 30. a4 0-1

[Event "La Palma Island op"]
[Site "Santa Cruz de La Palma"]
[Date "2017.08.18"]
[Round "9"]
[White "Turov, Maxim"]
[Black "Gonzalez Garcia, Zoilo"]
[Result "1-0"]
[WhiteElo "2609"]
[BlackElo "2003"]
[PlyCount "84"]
[EventDate "2017.08.12"]
[EventType "swiss"]
[EventRounds "9"]
[EventCountry "ESP"]
[SourceTitle "EXT 2019"]
[Source "ChessBase"]
[SourceDate "2018.10.10"]
[SourceVersion "1"]
[SourceVersionDate "2018.10.10"]
[SourceQuality "1"]

1. Nf3 Nf6 2. g3 b6 3. Bg2 Bb7 4. d3 e6 5. e4 d6 6. 0-0 Be7 7. Ne1 e5 8. f4 0-0 9. Nc3 Nc6 10. Kh1 Nd4 11. Be3 Nd7 12. Ne2 Nxe2 13. Qxe2 f5 14. exf5 Bxg2+ 15. Nxg2 Rxf5 16. d4 e4 17. g4 Rf8 18. f5 Bg5 19. Bxg5 Qxg5 20. Nf4 Nf6 21. Ne6 Qxg4 22. Qxg4 Nxg4 23. Nxf8 Rxf8 24. Rf4 h5 25. Rg1 d5 26. h3 Ne3 27. f6 Rf7 28. Rf2 c5 29. c3 Kh7 30. Rg3 Nc4 31. b3 Nd6 32. fxg7 Rxg7 33. Rxg7+ Kxg7 34. dxc5 bxc5 35. Rd2 d4 36. cxd4 e3 37. Rg2+ Kf6 38. dxc5 Ne4 39. c6 Ke7 40. c7 Kd7 41. Rc2 Kc8 42. Kg2 Ng5 1-0

[Event "La Palma Island op"]
[Site "Santa Cruz de La Palma"]
[Date "2017.08.14"]
[Round "1"]
[White "Gonzalez Garcia, Zoilo"]
[Black "Perez Bolanos, Joel"]
[Result "1-0"]
[WhiteElo "2003"]
[BlackElo "1379"]
[PlyCount "59"]
[EventDate "2017.08.12"]
[EventType "swiss"]
[EventRounds "9"]
[EventCountry "ESP"]
[SourceTitle "EXT 2019"]
[Source "ChessBase"]
[SourceDate "2018.10.10"]
[SourceVersion "1"]
[SourceVersionDate "2018.10.10"]
[SourceQuality "1"]

1. e4 d6 2. d4 Nf6 3. Nc3 g6 4. Be2 Bg7 5. g4 c5 6. d5 Na6 7. Be3 Qa5 8. f3 Nc7 9. Qd2 b5 10. Nxb5 Qxd2+ 11. Bxd2 Nxb5 12. Bxb5+ Bd7 13. Bd3 0-0 14. Ne2 Ne8 15. 0-0-0 Rb8 16. Bc3 Nc7 17. h3 Bb5 18. Bxb5 Rxb5 19. f4 Bxc3 20. Nxc3 Rb7 21. e5 dxe5 22. fxe5 Rfb8 23. b3 Kg7 24. Ne4 Rd8 25. c4 Na6 26. Rhf1 Rc7 27. Rf3 Rb8 28. Rdf1 Rf8 29. Ng5 e6 30. Nxe6+ 1-0

[Event "Tenerife-chT Preferente 1617"]
[Site "Tenerife"]
[Date "2017.04.22"]
[Round "13.4"]
[White "Gonzalez Garcia, Zoilo"]
[Black "Guillermo Gonzalez, Alvaro"]
[Result "1-0"]
[WhiteElo "1914"]
[BlackElo "1702"]
[PlyCount "65"]
[EventDate "2016.12.10"]
[EventType "team-tourn"]
[EventRounds "14"]
[EventCountry "ESP"]
[SourceTitle "EXT 2018"]
[Source "ChessBase"]
[SourceDate "2017.10.13"]
[SourceVersion "1"]
[SourceVersionDate "2017.10.13"]
[SourceQuality "1"]
[WhiteTeam "El Sauzal"]
[BlackTeam "Laguna Cotelec"]
[WhiteTeamCountry "ESP"]
[BlackTeamCountry "ESP"]

1. e4 c5 2. Nf3 d6 3. Bb5+ Bd7 4. Bxd7+ Qxd7 5. 0-0 g6 6. d4 Bg7 7. Be3 Nc6 8. d5 Ne5 9. Nxe5 Bxe5 10. Nc3 Nf6 11. f3 b5 12. Qd2 0-0 13. Nd1 c4 14. c3 Qc7 15. f4 Nxe4 16. Qc2 Nf6 17. fxe5 dxe5 18. Qf2 Qb7 19. Qh4 Rfd8 20. Rxf6 exf6 21. Qxf6 Qc7 22. Nf2 Qd6 23. Qxd6 Rxd6 24. Ne4 Rdd8 25. Bg5 f6 26. Nxf6+ Kg7 27. Rf1 Rf8 28. Ng4 Rxf1+ 29. Kxf1 h6 30. Bxh6+ Kf7 31. Bg5 Re8 32. Nh6+ Kg7 33. d6 1-0

[Event "Tenerife-chT Preferente 1617"]
[Site "Tenerife"]
[Date "2017.04.01"]
[Round "11.4"]
[White "Alvarez Alonso, Alberto"]
[Black "Gonzalez Garcia, Zoilo"]
[Result "0-1"]
[WhiteElo "1886"]
[BlackElo "1914"]
[PlyCount "48"]
[EventDate "2016.12.10"]
[EventType "team-tourn"]
[EventRounds "14"]
[EventCountry "ESP"]
[SourceTitle "EXT 2018"]
[Source "ChessBase"]
[SourceDate "2017.10.13"]
[SourceVersion "1"]
[SourceVersionDate "2017.10.13"]
[SourceQuality "1"]
[WhiteTeam "Al Shah Mat Los Realejos II"]
[BlackTeam "El Sauzal"]
[WhiteTeamCountry "ESP"]
[BlackTeamCountry "ESP"]

1. e4 c6 2. d4 d5 3. Nc3 dxe4 4. Nxe4 Nf6 5. Nxf6+ exf6 6. Bf4 Bd6 7. Bxd6 Qxd6 8. Qd2 Bf5 9. 0-0-0 0-0 10. f3 Nd7 11. g4 Be6 12. Kb1 b5 13. h4 Qd5 14. b3 Nb6 15. g5 f5 16. Bg2 Qd6 17. Ne2 a5 18. h5 a4 19. g6 h6 20. gxf7+ Rxf7 21. Nf4 axb3 22. cxb3 Bxb3 23. axb3 Rfa7 24. Nd3 Qxd4 0-1

[Event "Tenerife-chT Preferente 1617"]
[Site "Tenerife"]
[Date "2016.12.10"]
[Round "1.4"]
[White "Ramos Aguilar, Jose Manuel"]
[Black "Gonzalez Garcia, Zoilo"]
[Result "1-0"]
[WhiteElo "2062"]
[BlackElo "1914"]
[PlyCount "89"]
[EventDate "2016.12.10"]
[EventType "team-tourn"]
[EventRounds "14"]
[EventCountry "ESP"]
[SourceTitle "CBM 176 Extra"]
[Source "ChessBase"]
[SourceDate "2017.03.02"]
[SourceVersion "1"]
[SourceVersionDate "2017.03.02"]
[SourceQuality "1"]
[WhiteTeam "Casa de Venezuela Ebano"]
[BlackTeam "El Sauzal"]
[WhiteTeamCountry "ESP"]
[BlackTeamCountry "ESP"]

1. d4 Nf6 2. c4 e6 3. Nc3 Bb4 4. Qc2 b6 5. a3 Bxc3+ 6. Qxc3 Ne4 7. Qc2 Bb7 8. Nh3 f5 9. f3 Nf6 10. e3 0-0 11. Be2 d6 12. 0-0 Qe7 13. Nf2 Nbd7 14. b4 e5 15. Bb2 Rae8 16. Rfe1 Kh8 17. c5 bxc5 18. dxc5 dxc5 19. bxc5 Bc6 20. a4 Nd5 21. Bb5 Nb4 22. Qd2 a5 23. Bc3 Bxb5 24. Bxb4 axb4 25. axb5 Nxc5 26. Qxb4 Ne6 27. Qc3 Qc5 28. Qxc5 Nxc5 29. Rac1 Ne6 30. Rc6 Re7 31. Nd3 Rb8 32. Ra1 Nd8 33. Rc5 Nf7 34. Ra7 h6 35. Rcxc7 Rxc7 36. Rxc7 Nd6 37. Rd7 Nxb5 38. Nxe5 Re8 39. Ng6+ Kh7 40. Ne7 Nd6 41. Nd5 Re6 42. h4 Nc4 43. Kf2 Ra6 44. h5 Ne5 45. Re7 1-0

[Event "Santa Cruz de Tenerife op"]
[Site "Santa Cruz de Tenerife"]
[Date "2016.08.25"]
[Round "9"]
[White "Jimenez Arteaga, Angel"]
[Black "Gonzalez Garcia, Zoilo"]
[Result "0-1"]
[WhiteElo "1917"]
[BlackElo "1871"]
[PlyCount "74"]
[EventDate "2016.08.08"]
[EventType "swiss"]
[EventRounds "9"]
[EventCountry "ESP"]
[SourceTitle "CBM 174 Extra"]
[Source "ChessBase"]
[SourceDate "2016.10.10"]
[SourceVersion "1"]
[SourceVersionDate "2016.10.10"]
[SourceQuality "1"]

1. c4 Nf6 2. Nc3 e6 3. g3 d5 4. cxd5 exd5 5. d4 Be7 6. Bg2 0-0 7. Nf3 c6 8. 0-0 Re8 9. Ne5 Bf5 10. f3 c5 11. e3 Nc6 12. g4 Be6 13. g5 Nd7 14. f4 Ndxe5 15. dxe5 d4 16. exd4 Qxd4+ 17. Qxd4 cxd4 18. Nd5 Rac8 19. Nxe7+ Rxe7 20. b3 Bg4 21. Ba3 Rd7 22. Bd6 Be2 23. Rf2 d3 24. Bh3 Rxd6 25. exd6 Rd8 26. d7 Nd4 27. Rxe2 Nxe2+ 28. Kf2 Nxf4 29. Bg4 Kf8 30. Rc1 d2 31. Rc7 Nd3+ 32. Ke3 Ne5 33. Kxd2 Nxg4 34. Rxb7 Ke7 35. h3 Nf2 36. Ke2 Nxh3 37. Rxa7 Nxg5 0-1